000 00325nam a2200133Ia 4500
008 150201s2010 xx 000 0 und d
082 _a618.92
_bM10K
100 _aKUMAR,A SANTOSH
245 _aMANUAL OF PAEDIATRIC PRACTICE
250 _a3RD
260 _bPARAS MED
_aDELHI
_c2010
650 _aPAEDIATRICS
942 _2ddc
_cBK
_01
999 _c879
_d879